000 00750cam a22002651i 4500
001 461810
003 ARRUPE
005 20160425101347.0
007 hdrafb---buca
007 hdrbfb---baaa
008 860415s1930 enk a 000 1 eng d
035 _a(OCoLC)23755384
035 _a(OCoLC)ocm23755384
035 _a(CStRLIN)NYCG86-B38499
035 _a(NNC)461810
040 _aNN
_cNN
_dNNC
050 _aSPC PZ3.L567C6
100 1 _aLetcher, Owen.
_921740
245 1 0 _aCohort of the tropics:
_bA story of the Great War in Central Africa
_c/ Owen Letcher
260 _aLondon :
_bPrinted by Waterlow & Sons,
_c1930.
300 _a94 p.
_c29cm.
650 _aEuropean war 1914-1918
_xFiction
_922229
942 _2lcc
_cSPC
999 _c124154
_d124154